| 000 | 00391nam a22001937a 4500 | ||
|---|---|---|---|
| 003 | UA-OsUOA | ||
| 001 | 3523 | ||
| 007 | ta | ||
| 008 | 20050721b un ||||| |||| 00| 0 ukr d | ||
| 100 | _aKenda | ||
| 700 | _aM. | ||
| 700 | _aWilliams | ||
| 700 | _aPh. S. | ||
| 942 | _cBK | ||
| 040 |
_aUA-OsUOA _cUA-OsUOA _dUA-OsUOA |
||
| 245 | _aMath Wizardry for Kids. | ||
| 955 | _a2 | ||
| 650 | 7 | _2UDC | |
| 999 |
_c289685 _d289685 |
||